Mastering futures trading : An advanced course for sophisticated strategies that work
Wedi'i Gadw mewn:
| Prif Awdur: | |
|---|---|
| Fformat: | Llyfr |
| Iaith: | Undetermined |
| Cyhoeddwyd: |
New York
McGraw-Hill
2004
|
| Pynciau: | |
| Tagiau: |
Ychwanegu Tag
Dim Tagiau, Byddwch y cyntaf i dagio'r cofnod hwn!
|
| Thư viện lưu trữ: | Trung tâm Học liệu Trường Đại học Cần Thơ |
|---|
| LEADER | 00573nam a2200205Ia 4500 | ||
|---|---|---|---|
| 001 | CTU_106084 | ||
| 008 | 210402s9999 xx 000 0 und d | ||
| 020 | |c 830775 | ||
| 082 | |a 332.64 | ||
| 082 | |b Y54 | ||
| 100 | |a Yoder, Bo | ||
| 245 | 0 | |a Mastering futures trading : | |
| 245 | 3 | |b An advanced course for sophisticated strategies that work | |
| 245 | 0 | |c Bo Yoder | |
| 260 | |a New York | ||
| 260 | |b McGraw-Hill | ||
| 260 | |c 2004 | ||
| 650 | |a Futures,Futures market | ||
| 904 | |i Minh (Nguyên sửa) | ||
| 980 | |a Trung tâm Học liệu Trường Đại học Cần Thơ | ||